E-Learning: education on the internet, learning management systems

Problematika elektronického vzdelávania aj prostredníctvom internetu. Skúsenosti s používaním voľne dostupného e-elearningového systému Claroline a jeho domestikácia, systémom Moodle a WebCT, ako aj návody, ako vyberať e-learningový systém.

Gespeichert in:
Bibliographische Detailangaben
1. Verfasser: Závodný, Peter
Weitere Verfasser: Chudá, Daniela
Format: Buchkapitel
Sprache:Englisch
Schlagworte:
Tags: Tag hinzufügen
Keine Tags, Fügen Sie das erste Tag hinzu!

MARC

LEADER 00000naa$a2200000$$$4500
001 0042354
005 20240502071514.9
041 0 |a eng 
044 |a SK 
245 1 0 |a E-Learning: education on the internet, learning management systems  |c Peter Závodný, Daniela Chudá 
520 |a Problematika elektronického vzdelávania aj prostredníctvom internetu. Skúsenosti s používaním voľne dostupného e-elearningového systému Claroline a jeho domestikácia, systémom Moodle a WebCT, ako aj návody, ako vyberať e-learningový systém. 
610 2 0 |a vzdelávanie elektronické 
610 2 0 |a vyučovanie 
610 2 0 |a technológie informačné 
610 2 0 |a technológie komunikačné 
610 2 0 |a systémy informačné 
610 2 0 |a internet 
100 1 |a Závodný, Peter 
700 1 |a Chudá, Daniela